Statistics for World Leaders 25 years ago

Click here to take the quiz!

General Stats

  • This quiz has been taken 16 times
  • The average score is 11 of 20

Answer Stats

Country/Org.TitleAnswer% Correct
United StatesPresidentBill Clinton
100%
CubaCommunist Party LeaderFidel Castro
93%
VaticanPopeJohn Paul II
93%
JordanKingHussein
87%
FrancePresidentJacques Chirac
87%
RussiaPresidentBoris Yeltsin
80%
GermanyChancellorHelmut Kohl
80%
South AfricaPresidentNelson Mandela
80%
EgyptPresidentHosni Mubarak
73%
IndonesiaPresidentSuharto
60%
United KingdomPrime MinisterJohn Major
53%
PolandPresidentLech Wałęsa
47%
Czech RepublicPresidentVáclav Havel
47%
IsraelPrime MinisterYitzhak Rabin
47%
IraqPresidentSaddam Hussein
40%
United NationsSecretary GeneralBoutros Boutros-Ghali
33%
IranPresidentAkbar Hashemi Rafsanjani
13%
SpainPrime MinisterFelipe Gonzalez
13%
ChinaCommunist Party LeaderJiang Zemin
7%
TurkeyPresidentSüleyman Demirel
0%

Score Distribution

Percentile by Number Answered

Percent of People with Each Score

Your Score History

You have not taken this quiz